000 01024nam a22002297a 4500
003 SEM
005 20220608072135.0
008 170503b xxu||||| |||| 00| 0 arm
040 _aՍԷՄ
_cՍԷՄ
041 0 _aarm.
100 1 _aԳլնճեան Յակոբ
_cԱրքեպիսկոպոս
_q(Գլնճյան Հակոբ)
245 1 0 _aՄարտին Լութեր:
_bՄի բարեպաշտ վանականի ըմբոստութիւնը: /
_cՅ. Գլնճեան
246 _a[Մարտին Լութեր:
_bՄի բարեպաշտ վանականի ըմբոստությունը:]
250 _aԵրկրորդ հրատ.,
_bբարեփոխուծ
260 _aՄօնտէվիդէօ:
_a[Մոնտեվիդեո]:
_bGrafic plus LTD,
_c2013.
300 _a579 էջ;
_bնկ.;
_c24 սմ.
504 _aՕգտ. գրակ.` էջ 572-575
600 1 _aԼյութեր Մարտին
_d1483-1546 թթ.
650 _aԼյութերականություն
_xգործիչներ
650 _aԲողոքականություն
_xգործիչներ
942 _2udc
_cBK
999 _c52287
_d52287